000 00260nam a2200109Ia 4500
008 220204s9999 xx 000 0 und d
082 _a82-3
_bFOR
100 _aForsyth, Frederick
245 4 _aThe Fourth protocol
260 _aLondon
_bCorgi
_c1984
942 _cBK
999 _c38577
_d38577